Principlesmof office management / (Record no. 146655)

MARC details
000 -LEADER
fixed length control field 00577nam a22001817a 4500
005 - DATE AND TIME OF LATEST TRANSACTION
control field 20171016115910.0
010 ## - LCCN (DPL NO)
LC control number ENG-120999
020 ## - INTERNATIONAL STANDARD BOOK NUMBER
International Standard Book Number 9788183822626
Terms of availability 195.00
035 ## - SYSTEM CONTROL NUMBER
System control number EN-104531
037 ## - SOURCE OF ACQUISITION
Source of stock number/acquisition DBAD/PUB
082 ## - DEWEY DECIMAL CLASSIFICATION NUMBER
Classification number 651.3
100 ## - MAIN ENTRY--PERSONAL NAME
Personal name Bhatia, R.C.
245 ## - TITLE STATEMENT
Title Principlesmof office management /
Statement of responsibility, etc by R.C.Bhatia
260 ## - PUBLICATION, DISTRIBUTION, ETC. (IMPRINT)
Place of publication, distribution, etc New Delhi
Name of publisher, distributor, etc Lotus Press
Date of publication, distribution, etc 2012
270 ## - ADDRESS
Address Unit No. 220, 2nd Floor, 4735/22, Prakash Deep Building, Ansari Road, Darya Ganj
City New Delhi
Postal code 110002
300 ## - PHYSICAL DESCRIPTION
Extent 270p. :
Dimensions 22cm(pbk)
Other physical details ill.
942 ## - ADDED ENTRY ELEMENTS (KOHA)
Source of classification or shelving scheme Dewey Decimal Classification
Item type English Books
Classification part 651.3
Call number suffix BHA
Holdings
Withdrawn status Lost status Not for loan Collection code Home library Current library Date acquired Source of acquisition Cost, normal purchase price Full call number Barcode Copy number Cost, replacement price Koha item type
    Not For Loan Non-fiction D.B.Act.Division Bawana 16/10/2017 DBAD/PUB 195.00 651.3 BHA EN-104531 1 195.00 English Books
      Non-fiction Sarojini Nagar Sarojini Nagar 09/03/2019     651.3 BHA B-161987     English Books
      Non-fiction Sarojini Nagar Sarojini Nagar 09/03/2019     651.3 BHA B-162002     English Books

© Delhi Public Library
Hit Counter
free hit counter